01844nam a2200457 i 450000100060000000300080000600500170001400600190003100700150005000800410006502000180010602000270012403500230015103500240017403500250019803500210022304000310024405000250027508000070030008200180030710000310032524501470035626400640050330000410056733600310060833700330063933800430067250000230071550400290073858801270076759001640089465000400105865000460109865000380114465000420118265500270122470000370125179700190128885600620130799900170136926679FlNmELB20241216215924.0m o d | cr cnu||||||||141031s2011 mx ob 001 0 spa d z9786079567262 a9781413534214 (e-book) a(MiAaPQ)EBC3225144 a(Au-PeEL)EBL3225144 a(CaPaEBR)ebr10934145 a(OCoLC)991959494 aFINmELBbspaerdacFINmELB 4aLC4035.M6bS487 2011 a370 a371.909722231 aSerrano Avilés, Tomás.13aLa escuela de todas las personas :bbiografía y diversidad en un mundo desigual /cTomás Serrano Avilés, Graciela Amira Medécigo Shej. 1aMéxico D.F. :bEditorial Miguel Ángel Porrúa,c[2011] a1 recurso en línea (222 páginas) atextobtxt2rdacontent/spa acomputadorabc2rdamedia/spa arecurso en líneabcr2rdacarrier/spa aContiene índice. aContiene bibliografía. aDescripción basada en recurso en línea; Título de la página del título en PDF (e-libro, visto October 31, 2014). aRecurso electrónico. Santa Fe, Arg.: e-libro, 2015. Disponible vía World Wide Web. El acceso puede estar limitado para las bibliotecas afiliadas a e-libro. 0aStudents with disabilitieszMexico. 4aEstudiantes con discapacidadeszMéxico. 0aEducational equalizationzMexico. 4aIgualdad en la educaciónzMéxico. 4aLibros electrónicos.1 aMedécigo Shej, Graciela Amira.2 ae-libro, Corp.40uhttps://elibro.net/ereader/politecnicointernacional/41228 c26679d26679